Minecraft - Guess the Blocks by Picture #2 - Statistics

General Stats
  • This quiz has been taken 52 times
    13 since last reset
  • The average score is 401 of 502
Answer Stats
Picture Answer % Correct
Jungle Sign
100%
Jungle Slab
100%
Jungle Stairs
100%
Jungle Trapdoor
100%
Jungle Wood
100%
Kelp
100%
Lab Table
100%
Ladder
100%
Lantern
100%
Lapis Lazuli Ore
100%
Lava
100%
Lever
100%
Light Blue Banner
100%
Light Blue Bed
100%
Light Blue Candle
100%
Light Blue Carpet
100%
Light Blue Concrete
100%
Light Blue Concrete Powder
100%
Light Blue Glazed Terracotta
100%
Light Blue Shulker Box
100%
Light Blue Stained Glass
100%
Light Blue Stained Glass Pane
100%
Light Blue Terracotta
100%
Light Blue Wool
100%
Light Gray Banner
100%
Light Gray Bed
100%
Light Gray Candle
100%
Light Gray Carpet
100%
Light Gray Concrete
100%
Light Gray Concrete Powder
100%
Light Gray Glazed Terracotta
100%
Light Gray Shulker Box
100%
Light Gray Stained Glass
100%
Light Gray Stained Glass Pane
100%
Light Gray Terracotta
100%
Light Gray Wool
100%
Lime Banner
100%
Lime Bed
100%
Lime Candle
100%
Lime Carpet
100%
Lime Concrete
100%
Lime Concrete Powder
100%
Lime Shulker Box
100%
Lime Stained Glass
100%
Lime Stained Glass Pane
100%
Lime Terracotta
100%
Lime Wool
100%
Loom
100%
Magenta Banner
100%
Magenta Bed
100%
Magenta Candle
100%
Magenta Carpet
100%
Magenta Concrete
100%
Magenta Concrete Powder
100%
Magenta Glazed Terracotta
100%
Magenta Shulker Box
100%
Magenta Stained Glass
100%
Magenta Stained Glass Pane
100%
Magenta Terracotta
100%
Magenta Wool
100%
Magma Block
100%
Mangrove Button
100%
Mangrove Door
100%
Mangrove Fence
100%
Mangrove Fence Gate
100%
Mangrove Hanging Sign
100%
Mangrove Leaves
100%
Mangrove Log
100%
Mangrove Planks
100%
Mangrove Sign
100%
Mangrove Slab
100%
Mangrove Stairs
100%
Mangrove Trapdoor
100%
Mangrove Wood
100%
Melon
100%
Monster Spawner
100%
Mossy Cobblestone
100%
Mossy Cobblestone Slab
100%
Mossy Cobblestone Stairs
100%
Mossy Cobblestone Wall
100%
Mossy Stone Bricks
100%
Mossy Stone Brick Slab
100%
Mossy Stone Brick Stairs
100%
Mossy Stone Brick Wall
100%
Mycelium
100%
Nether Brick Fence
100%
Nether Bricks
100%
Nether Brick Slab
100%
Nether Brick Stairs
100%
Nether Brick Wall
100%
Nether Gold Ore
100%
Nether Portal
100%
Nether Quartz Ore
100%
Netherrack
100%
Oak Button
100%
Oak Door
100%
Oak Fence
100%
Oak Fence Gate
100%
Oak Hanging Sign
100%
Oak Leaves
100%
Oak Log
100%
Oak Planks
100%
Oak Sign
100%
Oak Slab
100%
Oak Stairs
100%
Oak Trapdoor
100%
Oak Wood
100%
Observer
100%
Obsidian
100%
Orange Banner
100%
Orange Bed
100%
Orange Candle
100%
Orange Carpet
100%
Orange Concrete
100%
Orange Concrete Powder
100%
Orange Glazed Terracotta
100%
Orange Shulker Box
100%
Orange Stained Glass
100%
Orange Stained Glass Pane
100%
Orange Terracotta
100%
Orange Tulip
100%
Orange Wool
100%
Packed Ice
100%
Pale Oak Button
100%
Pale Oak Door
100%
Pale Oak Fence
100%
Pale Oak Fence Gate
100%
Pale Oak Hanging Sign
100%
Pale Oak Leaves
100%
Pale Oak Log
100%
Pale Oak Planks
100%
Pale Oak Sign
100%
Pale Oak Slab
100%
Pale Oak Stairs
100%
Pale Oak Trapdoor
100%
Pale Oak Wood
100%
Piglin Head
100%
Pink Banner
100%
Pink Bed
100%
Pink Candle
100%
Pink Carpet
100%
Pink Concrete
100%
Pink Concrete Powder
100%
Pink Glazed Terracotta
100%
Pink Shulker Box
100%
Pink Stained Glass
100%
Pink Stained Glass Pane
100%
Pink Terracotta
100%
Pink Tulip
100%
Pink Wool
100%
Piston
100%
Player Head
100%
Podzol
100%
Polished Andesite
100%
Polished Andesite Slab
100%
Polished Andesite Stairs
100%
Polished Basalt
100%
Polished Blackstone
100%
Polished Blackstone Bricks
100%
Polished Blackstone Brick Slab
100%
Polished Blackstone Brick Stairs
100%
Polished Blackstone Brick Wall
100%
Polished Blackstone Button
100%
Polished Blackstone Slab
100%
Polished Blackstone Stairs
100%
Polished Blackstone Wall
100%
Polished Diorite
100%
Polished Diorite Slab
100%
Polished Diorite Stairs
100%
Polished Granite
100%
Polished Granite Slab
100%
Polished Granite Stairs
100%
Poppy
100%
Prismarine
100%
Prismarine Slab
100%
Prismarine Stairs
100%
Prismarine Wall
100%
Pumpkin
100%
Purple Banner
100%
Purple Bed
100%
Purple Candle
100%
Purple Carpet
100%
Purple Concrete
100%
Purple Concrete Powder
100%
Purple Glazed Terracotta
100%
Purple Shulker Box
100%
Purple Stained Glass
100%
Purple Stained Glass Pane
100%
Purple Terracotta
100%
Purple Torch
100%
Purple Wool
100%
Purpur Block
100%
Purpur Pillar
100%
Purpur Slab
100%
Purpur Stairs
100%
Quartz Slab
100%
Quartz Stairs
100%
Rail
100%
Red Banner
100%
Red Bed
100%
Red Candle
100%
Red Carpet
100%
Red Concrete
100%
Red Concrete Powder
100%
Red Glazed Terracotta
100%
Red Mushroom
100%
Red Mushroom Block
100%
Red Nether Bricks
100%
Red Nether Brick Slab
100%
Red Nether Brick Stairs
100%
Red Nether Brick Wall
100%
Red Sand
100%
Red Sandstone
100%
Red Sandstone Slab
100%
Red Sandstone Stairs
100%
Red Sandstone Wall
100%
Red Shulker Box
100%
Red Stained Glass
100%
Red Stained Glass Pane
100%
Redstone Comparator
100%
Redstone Lamp
100%
Redstone Ore
100%
Redstone Repeater
100%
Redstone Torch
100%
Red Terracotta
100%
Red Torch
100%
Red Tulip
100%
Red Wool
100%
Resin Bricks
100%
Resin Brick Slab
100%
Resin Brick Stairs
100%
Resin Brick Wall
100%
Sand
100%
Sandstone
100%
Sandstone Slab
100%
Sandstone Stairs
100%
Sandstone Wall
100%
Sculk
100%
Sea Lantern
100%
Short Grass
100%
Shulker Box
100%
Skeleton Skull
100%
Slime Block
100%
Smithing Table
100%
Smoker
100%
Smooth Quartz Block
100%
Smooth Quartz Slab
100%
Smooth Quartz Stairs
100%
Smooth Red Sandstone
100%
Smooth Red Sandstone Slab
100%
Smooth Red Sandstone Stairs
100%
Smooth Sandstone
100%
Smooth Sandstone Slab
100%
Smooth Sandstone Stairs
100%
Smooth Stone
100%
Smooth Stone Slab
100%
Sniffer Egg
100%
Snow
100%
Snow Block
100%
Soul Campfire
100%
Soul Fire
100%
Soul Lantern
100%
Soul Sand
100%
Soul Torch
100%
Sponge
100%
Spruce Button
100%
Spruce Door
100%
Spruce Fence
100%
Spruce Fence Gate
100%
Spruce Hanging Sign
100%
Spruce Leaves
100%
Spruce Log
100%
Spruce Planks
100%
Spruce Sign
100%
Spruce Slab
100%
Spruce Stairs
100%
Spruce Trapdoor
100%
Spruce Wood
100%
Stone
100%
Stone Bricks
100%
Stone Brick Slab
100%
Stone Brick Stairs
100%
Stone Brick Wall
100%
Stone Button
100%
Stonecutter
100%
Stone Slab
100%
Stone Stairs
100%
Stripped Acacia Log
100%
Stripped Acacia Wood
100%
Stripped Birch Log
100%
Stripped Birch Wood
100%
Stripped Cherry Log
100%
Stripped Cherry Wood
100%
Stripped Crimson Hyphae
100%
Stripped Crimson Stem
100%
Stripped Dark Oak Log
100%
Stripped Dark Oak Wood
100%
Stripped Jungle Log
100%
Stripped Jungle Wood
100%
Stripped Mangrove Log
100%
Stripped Mangrove Wood
100%
Stripped Oak Log
100%
Stripped Oak Wood
100%
Stripped Pale Oak Log
100%
Stripped Pale Oak Wood
100%
Stripped Spruce Log
100%
Stripped Spruce Wood
100%
Stripped Warped Hyphae
100%
Stripped Warped Stem
100%
Suspicious Gravel
100%
Suspicious Sand
100%
Tall Grass
100%
Target
100%
Terracotta
100%
TNT
100%
Torch
100%
Tripwire
100%
Turtle Egg
100%
Vines
100%
Warped Button
100%
Warped Door
100%
Warped Fence
100%
Warped Fence Gate
100%
Warped Fungus
100%
Warped Hanging Sign
100%
Warped Hyphae
100%
Warped Planks
100%
Warped Sign
100%
Warped Slab
100%
Warped Stairs
100%
Warped Stem
100%
Warped Trapdoor
100%
Water
100%
Lime Glazed Terracotta
91%
Note Block
91%
Prismarine Bricks
91%
Prismarine Brick Slab
91%
Prismarine Brick Stairs
91%
Smooth Basalt
91%
Oak Sapling
82%
Packed Mud
82%
Pale Oak Sapling
82%
Periodic Table
82%
Lectern
55%
Spruce Sapling
55%
Mud
45%
Mud Bricks
45%
Mud Brick Slab
45%
Mud Brick Stairs
45%
Mud Brick Wall
45%
Sticky Piston
45%
Waxed Block of Copper
45%
Waxed Copper Bars
45%
Waxed Copper Chest
45%
Waxed Copper Door
45%
Waxed Copper Lantern
45%
Waxed Copper Trapdoor
45%
Waxed Cut Copper Slab
45%
Waxed Cut Copper Stairs
45%
Large Amethyst Bud
36%
Large Fern
36%
Leaf Litter
36%
Light
36%
Lightning Rod
36%
Light Weighted Pressure Plate
36%
Lilac
36%
Lily of the Valley
36%
Lily Pad
36%
Lodestone
36%
Mangrove Pressure Plate
36%
Mangrove Propagule
36%
Mangrove Roots
36%
Mangrove Shelf
36%
Material Reducer
36%
Medium Amethyst Bud
36%
Melon Stem
36%
Moss Block
36%
Moss Carpet
36%
Muddy Mangrove Roots
36%
Mushroom Stem
36%
Nether Sprouts
36%
Nether Wart
36%
Nether Wart Block
36%
Oak Pressure Plate
36%
Oak Shelf
36%
Ochre Froglight
36%
Ominous Banner
36%
Ominous Trial Spawner
36%
Ominous Vault
36%
Open Eyeblossom
36%
Oxeye Daisy
36%
Oxidized Chiseled Copper
36%
Oxidized Copper
36%
Oxidized Copper Bars
36%
Oxidized Copper Bulb
36%
Oxidized Copper Chain
36%
Oxidized Copper Chest
36%
Oxidized Copper Door
36%
Oxidized Copper Golem Statue
36%
Oxidized Copper Grate
36%
Oxidized Copper Lantern
36%
Oxidized Copper Trapdoor
36%
Oxidized Cut Copper
36%
Oxidized Cut Copper Slab
36%
Oxidized Cut Copper Stairs
36%
Oxidized Lightning Rod
36%
Pale Hanging Moss
36%
Pale Moss Block
36%
Pale Moss Carpet
36%
Pale Oak Pressure Plate
36%
Pale Oak Shelf
36%
Pearlescent Froglight
36%
Peony
36%
Petrified Oak Slab
36%
Pink Petals
36%
Pitcher Crop
36%
Pitcher Plant
36%
Pointed Dripstone
36%
Polished Blackstone Pressure Plate
36%
Polished Deepslate
36%
Polished Deepslate Slab
36%
Polished Deepslate Stairs
36%
Polished Deepslate Wall
36%
Polished Tuff
36%
Polished Tuff Slab
36%
Polished Tuff Stairs
36%
Polished Tuff Wall
36%
Poster
36%
Potatoes
36%
Powder Snow
36%
Powered Rail
36%
Pumpkin Stem
36%
Quartz Bricks
36%
Quartz Pillar
36%
Redstone Wire
36%
Reinforced Deepslate
36%
Repeating Command Block
36%
Resin Clump
36%
Respawn Anchor
36%
Rooted Dirt
36%
Rose Bush
36%
Scaffolding
36%
Sculk Catalyst
36%
Sculk Sensor
36%
Sculk Shrieker
36%
Sculk Vein
36%
Seagrass
36%
Sea Pickle
36%
Short Dry Grass
36%
Shroomlight
36%
Slate
36%
Small Amethyst Bud
36%
Small Dripleaf
36%
Soul Soil
36%
Spore Blossom
36%
Spruce Pressure Plate
36%
Spruce Shelf
36%
Stone Pressure Plate
36%
Structure Block
36%
Structure Void
36%
Sugar Cane
36%
Sunflower
36%
Sweet Berry Bush
36%
Tall Dry Grass
36%
Tall Seagrass
36%
Test Block
36%
Test Instance Block
36%
Tinted Glass
36%
Torchflower
36%
Torchflower Crop
36%
Trapped Chest
36%
Trial Spawner
36%
Tripwire Hook
36%
Tube Coral
36%
Tube Coral Block
36%
Tube Coral Fan
36%
Tuff
36%
Tuff Bricks
36%
Tuff Brick Slab
36%
Tuff Brick Stairs
36%
Tuff Brick Wall
36%
Tuff Slab
36%
Tuff Stairs
36%
Tuff Wall
36%
Twisting Vines
36%
Underwater TNT
36%
Underwater Torch
36%
Vault
36%
Verdant Froglight
36%
Warped Nylium
36%
Warped Pressure Plate
36%
Warped Roots
36%
Warped Shelf
36%
Warped Wart Block
36%
Waxed Chiseled Copper
36%
Waxed Copper Bulb
36%
Waxed Copper Chain
36%
Waxed Copper Golem Statue
36%
Waxed Copper Grate
36%
Waxed Cut Copper
36%
Waxed Exposed Chiseled Copper
36%
Waxed Exposed Copper
36%
No matching quizzes found
Score Distribution
Percent of People with Each Score
Percentile by Number Answered
Your Score History
You have not taken this quiz since the last reset